| 000 | 00435nam a2200157Ia 4500 | ||
|---|---|---|---|
| 008 | 241127s9999||||xx |||||||||||||| ||und|| | ||
| 020 |
_a9780132210034 _c85.985.9 |
||
| 040 |
_beng _cSSK Library _erda |
||
| 082 | _a615.58024613/GOV | ||
| 100 | _a Laura E. Govoni & Janice E. Hayes - | ||
| 245 | 0 | _aDrugs And Nursing Implications | |
| 260 |
_b Prentice Hall _c©1990 |
||
| 942 |
_22ddc _cBOOK _nNo |
||
| 999 |
_c11715 _d11715 |
||
| 003 | OSt | ||
| 005 | 20241127152858.0 | ||